| 000 | 00621cam a2200205 a 4500 | ||
|---|---|---|---|
| 999 |
_c6767 _d6767 |
||
| 003 | OSt | ||
| 005 | 20220201164547.0 | ||
| 008 | 140324s2014 spc ||| |||| 000 0 spa|d | ||
| 017 |
_aDL B. 2739-2014 _bBiblioteca de Catalunya |
||
| 020 | _a9788498753615 | ||
| 040 |
_bcat _cCDMR |
||
| 100 | 1 | _aStalman, Andy | |
| 245 | 1 | 0 |
_aBrandoffon _b: el branding del futuro _cAndy Stalman |
| 260 |
_aBarcelona _bGestión 2000 _c2014 |
||
| 300 |
_a190 p. _c23 cm |
||
| 504 | _aReferències bibliogràfiques | ||
| 650 | 7 |
_aConstrucció de marca _xMàrqueting _2lemac |
|
| 650 | 0 | 4 |
_aCreativitat en els negocis _93129 |
| 942 |
_cMON _2udc |
||